000 00537nam a2200193 4500
999 _c29290
_d29290
005 20190220082044.0
008 070524s1973 ilum a000 0 eng d
020 _a0802436536
100 1 _aSweeting, George,
_d1924-
245 1 0 _aHow to solve conflicts /
_cby George Sweeting.
260 _aChicago :
_bMoody Press,
_cc1973.
300 _a153 p. ;
_c22 cm.
336 _atext
337 _aunmediated
338 _avolume
630 0 4 _aBible.
_pN.T.
_pJames
_xCriticism, interpretation, etc.
951 _x00034809
942 _2lcc
_cBK